000 00782nam a2200277Ia 4500
003 OSt
005 20221007110931.0
006 a|||||r|||| 00| 0
007 ta
008 221006b |||||||| |||| 00| 0 eng d
020 _a8175040297
024 _a22,178
037 _cTextual
040 _aLCO
_cLCO
_beng
041 _2eng
_aeng
082 _aZ3,193, P1
100 _aBillingsley Roger
_9708017
245 0 _aInformers
_b Policing, Policy, Practice
260 _aNew
_bDelhi Lawman (India) Private Limited India
_c2001
300 _a179
650 _aINFORMER
_9708018
700 _a Bean Philip
700 _a Nemitz Teresa
_9686880
942 _hZ3,193, P1
_cTEXL
999 _c1191741
_d1191741